| 000 | 01155pam a2200325 a 4500 | ||
|---|---|---|---|
| 001 | 3890379 | ||
| 003 | 000 | ||
| 005 | 20170726111517.0 | ||
| 007 | 000 | ||
| 008 | 900911s1991 enka b 001 0 eng | ||
| 010 | _a 90048870 | ||
| 020 | _a1852931167 | ||
| 040 |
_aUOEL _cDLC _dDLC |
||
| 043 |
_ae-uk--- _ae-gw--- |
||
| 050 | 0 | 0 |
_aHC260.E5 _bB64 1991 |
| 082 | 0 | 0 |
_a363.7/056/0941 _220 |
| 100 | 2 | _aBoehmer-Christiansen, Sonja. | |
| 245 | 1 | 0 |
_aAcid politics : _benvironmental and energy policies in Britain and Germany / _cSonja Boehmer-Christiansen and Jim Skea. |
| 260 |
_aLondon ; _aNew York : _bBelhaven Press, _c1991. |
||
| 300 |
_axiii, 296 p. : _bill. ; _c24 cm. |
||
| 504 | _aIncludes bibliographical references and index. | ||
| 650 | 0 |
_aEnvironmental policy _zGreat Britain. |
|
| 650 | 0 |
_aEnergy policy _zGreat Britain. |
|
| 650 | 0 |
_aEnvironmental policy _zGermany (West) |
|
| 650 | 0 |
_aEnergy policy _zGermany (West) |
|
| 700 | 1 | _aSkea, Jim. | |
| 906 |
_a7 _bcbc _corignew _d1 _eocip _f19 _gy-gencatlg |
||
| 942 |
_2lcc _cSBK |
||
| 999 |
_c14508 _d14508 |
||